000
00334nam a22001457a 4500
999
_c
7846
_d
7846
003
OSt
005
20200526141549.0
008
200526b ||||| |||| 00| 0 eng d
020
_a
9789881566058
082
_a
725.51WAN
100
_a
Wang, Helong
245
_a
Dental clinic design
260
_b
Design Media Publishing
942
_2
ddc